USHL Teams - Statistics

General Stats
  • This quiz has been taken 131 times
  • The average score is 11 of 16
Answer Stats
Answer Hint % Correct
Chicago Steel Eastern Conference
84%
Team USA Eastern Conference
82%
Fargo Force Western Conference
79%
Omaha Lancers Western Conference
79%
Youngstown Phantoms Eastern Conference
77%
Lincoln Stars Western Conference
76%
Green Bay Gamblers Eastern Conference
74%
Sioux City Musketeers Western Conference
74%
Des Moines Buccaneers Western Conference
72%
Dubuque Fighting Saints Eastern Conference
70%
Cedar Rapids RoughRiders Eastern Conference
67%
Sioux Falls Stampede Western Conference
63%
Madison Capitols Eastern Conference
62%
Muskegon Lumberjacks Eastern Conference
62%
Tri-City Storm Western Conference
62%
Waterloo Black Hawks Western Conference
61%
No matching quizzes found
Score Distribution
Percent of People with Each Score
Percentile by Number Answered
Your Score History
You have not taken this quiz